Loading...
| Science - Chemistry | 5 | 1 | 2 | 0 | 75 | 14 | 44.83 | 4 | 5 | 0.00 | 0.00 |
| Science - Biology | 1 | 3 | 1 | 2 | 40 | 64 | 101.50 | 2 | 4 | 0.00 | 0.00 |
| Science - Other | 0 | 4 | 1 | 2 | 35 | 91 | 120.50 | 1 | 1 | 0.00 | 0.00 |
| Literature - Short Fiction | 0 | 2 | 0 | 0 | 20 | 115 | 117.00 | 0 | 0 | 0.00 | 0.00 |
| Science - Physics | 1 | 1 | 2 | 0 | 15 | 43 | 61.50 | 1 | 2 | 0.00 | 0.00 |
| Current Events | 1 | 0 | 0 | 0 | 15 | 35 | 35.00 | 1 | 1 | 0.00 | 0.00 |
| Science - Math | 0 | 1 | 0 | 1 | 10 | 148 | 148.00 | 0 | 0 | 0.00 | 0.00 |
| Short Fiction and Other | 0 | 1 | 0 | 0 | 10 | 99 | 99.00 | 0 | 1 | 0.00 | 0.00 |
| Fine Arts - Classical Music | 1 | 0 | 1 | 0 | 10 | 39 | 39.00 | 1 | 1 | 0.00 | 0.00 |
| Fine Arts - Other | 0 | 1 | 0 | 1 | 10 | 127 | 127.00 | 0 | 1 | 0.00 | 0.00 |
| Literature - Long Fiction | 0 | 1 | 0 | 0 | 10 | 103 | 103.00 | 0 | 1 | 0.00 | 0.00 |
| Other Academic | 0 | 1 | 0 | 0 | 10 | 84 | 84.00 | 1 | 1 | 0.00 | 0.00 |
| Religion | 0 | 1 | 0 | 0 | 10 | 119 | 119.00 | 0 | 0 | 0.00 | 0.00 |